| 000 | 00474nam a2200181Ia 4500 | ||
|---|---|---|---|
| 005 | 20240604050145.0 | ||
| 008 | 240331s9999 xx 000 0 und d | ||
| 020 | _a9556250026 | ||
| 082 |
_bBET _a346 |
||
| 245 | 0 |
_aBetween two worlds : _bmuslim women in amulti-Ethnic society |
|
| 260 |
_aSri Lanka _bMuslim Women's Research and Action Forum _c1999 |
||
| 300 | _a102 p ., | ||
| 650 | _aWoman | ||
| 650 | _aLaws | ||
| 650 | _aSociety | ||
| 700 |
_aMWRAF _eedt |
||
| 942 | _cL | ||
| 999 |
_c2859 _d2859 |
||